Shorter Aslib directory of information sources in the United Kingdom / (Record no. 100391)

MARC details
000 -LEADER
fixed length control field 01008cam a2200277 a 4500
008 - FIXED-LENGTH DATA ELEMENTS--GENERAL INFORMATION
fixed length control field
020 ## - INTERNATIONAL STANDARD BOOK NUMBER
International Standard Book Number 0851421997 (hbk.)
049 ## - LOCAL HOLDINGS (OCLC)
Holding library MAIN
090 ## - LOCALLY ASSIGNED LC-TYPE CALL NUMBER (OCLC); LOCAL CALL NUMBER (RLIN)
Classification number (OCLC) (R) ; Classification number, CALL (RLIN) (NR) REF Z674.5.G73
Local cutter number (OCLC) ; Book number/undivided call number, CALL (RLIN) SHO
003 - CONTROL NUMBER IDENTIFIER
control field
005 - DATE AND TIME OF LATEST TRANSACTION
control field 20230120191409.0
040 ## - CATALOGING SOURCE
Transcribing agency NUST
245 00 - TITLE STATEMENT
Title Shorter Aslib directory of information sources in the United Kingdom /
Statement of responsibility, etc. edited by Ellen M. Codlin.
250 ## - EDITION STATEMENT
Edition statement 1st shorter ed.
260 ## - PUBLICATION, DISTRIBUTION, ETC.
Place of publication, distribution, etc. London :
Name of publisher, distributor, etc. Aslib,
Date of publication, distribution, etc. 1986.
300 ## - PHYSICAL DESCRIPTION
Extent 590 p. ;
Dimensions 26 cm.
500 ## - GENERAL NOTE
General note Shortened and updated ed. of: Aslib directory of information sources in the United Kingdom. 1982-1984.
650 #0 - SUBJECT ADDED ENTRY--TOPICAL TERM
Topical term or geographic name entry element Special libraries
Geographic subdivision Great Britain
Form subdivision Directories.
650 #0 - SUBJECT ADDED ENTRY--TOPICAL TERM
Topical term or geographic name entry element Information services
Geographic subdivision Great Britain
Form subdivision Directories.
653 ## - INDEX TERM--UNCONTROLLED
Uncontrolled term Great Britain
-- Special libraries
700 1# - ADDED ENTRY--PERSONAL NAME
Personal name Codlin, Ellen M.
710 2# - ADDED ENTRY--CORPORATE NAME
Corporate name or jurisdiction name as entry element Aslib.
730 0# - ADDED ENTRY--UNIFORM TITLE
Uniform title Aslib directory of information sources in the United Kingdom.
907 ## - LOCAL DATA ELEMENT G, LDG (RLIN)
a .b10072743
b 27-02-13
c 17-04-03
942 ## - ADDED ENTRY ELEMENTS (KOHA)
Koha item type Ordinary Loan Books
Call number prefix REF Z674.5.G73
Call number suffix SHO
Holdings
Date last seen Total Checkouts Full call number Barcode Cost, replacement price Price effective from Koha item type Lost status Source of classification or shelving scheme Damaged status Not for loan Collection Withdrawn status Home library Current library Shelving location Date acquired Cost, normal purchase price
01/20/2023   REF Z674.5.G73 SHO 92003021056 80.00 01/20/2023 REF   LCC     NFIC   MAIN MAIN GEN 01/20/2023 80.00